[Event "Chess24 Legends of Chess"]
[Site "Online"]
[Date "2020.07.18"]
[Round "8.2"]
[White "Carlsen, Magnus"]
[Black "Nepomniachtchi, Ian"]
[Result "1-0"]
[WhiteElo "2881"]
[BlackElo "2778"]
[Annotator "ChessBase"]
[PlyCount "67"]
[EventDate "2020.07.21"]
[EventType "tourn"]
[SourceTitle "playchess.com"]
[Source "ChessBase"]
[SourceQuality "1"]
[TimeControl "900+10"]

1. d4 {[%emt 0:00:00]} Nf6 {[%emt 0:00:00]} 2. c4 {[%emt 0:00:00]} g6 {[%emt 0:00:00]} 3. Nc3 {[%emt 0:00:00]} d5 {[%emt 0:00:00]} 4. Nf3 {[%emt 0:00:00]} Bg7 {[%emt 0:00:00]} 5. cxd5 {[%emt 0:00:00]} Nxd5 {[%emt 0:00:00]} 6. e4 {[%emt 0:00:00]} Nxc3 {[%emt 0:00:00]} 7. bxc3 {[%emt 0:00:00]} c5 {[%emt 0:00:01]} 8. Rb1 {[%emt 0:00:00]} O-O {[%emt 0:00:04]} 9. Be2 {[%emt 0:00:01]} cxd4 {[%emt 0:00:32]} 10. cxd4 {[%emt 0:00:02]} Qa5+ {[%emt 0:00:01]} 11. Bd2 {[%emt 0:00:01]} Qxa2 {[%emt 0:00:03]} 12. O-O {[%emt 0:00:00]} Bg4 {[%emt 0:00:14]} 13. Be3 {[%emt 0:00:07]} Nc6 {[%emt 0:00:15]} 14. d5 {[%emt 0:00:05]} Na5 {[%emt 0:00:22]} 15. Bg5 {[%emt 0:00:04]} Qa3 {[%emt 0:00:54]} 16. Re1 {[%emt 0:00:05]} Bc3 {[%emt 0:01:32]} 17. Qd3 {[%emt 0:02:28]} Rfc8 {[%emt 0:00:03]} 18. Red1 {[%emt 0:03:57]} b6 {[%emt 0:00:37]} 19. h3 {[%emt 0:00:36]} Bd7 {[%emt 0:00:47]} 20. Rdc1 {[%emt 0:03:13]} f6 {[%emt 0:02:14]} 21. Bd2 {[%emt 0:00:59]} Bb2 {[%emt 0:00:02]} 22. Rxc8+ {[%emt 0:00:16]} Rxc8 {[%emt 0:00:00]} 23. Qa6 {[%emt 0:00:37]} Qa2 {[%emt 0:02:07]} 24. Rxb2 {[%emt 0:01:28]} Qxb2 {[%emt 0:00:03]} 25. Qxa7 {[%emt 0:00:01]} Qa1+ {[%emt 0:00:02]} 26. Kh2 {[%emt 0:00:59]} Qa4 {[%emt 0:00:01]} 27. Bd1 {[%emt 0:00:11]} Qxd1 {[%emt 0:00:19]} 28. Qxd7 {[%emt 0:00:02]} Qc2 {[%emt 0:00:03]} 29. Qe6+ {[%emt 0:00:29]} Kh8 {[%emt 0:00:13]} 30. d6 {[%emt 0:01:14]} exd6 {[%emt 0:04:15]} 31. Qxf6+ {[%emt 0:00:07]} Kg8 {[%emt 0:00:02]} 32. Bh6 {[%emt 0:00:23]} Qc7 {[%emt 0:00:11]} 33. Qe6+ {[%emt 0:00:01]} Kh8 {[%emt 0:01:06]} 34. Ng5 {[%emt 0:00:00]} 1-0

[Event "Chess24 Legends of Chess"]
[Site "Online"]
[Date "2020.07.18"]
[Round "8.2"]
[White "Ding, Liren"]
[Black "Anand, Viswanathan"]
[Result "1/2-1/2"]
[WhiteElo "2836"]
[BlackElo "2751"]
[Annotator "TA"]
[PlyCount "94"]
[EventDate "2020.07.21"]
[EventType "tourn"]
[SourceTitle "playchess.com"]
[Source "ChessBase"]
[SourceQuality "1"]

{[%evp 9,94,22,21,10,21,6,18,16,12,0,12,0,17,22,19,12,17,13,22,0,48,-12,-22,-33,0,0,0,0,0,-35,0,0,0,0,0,0,0,-14,25,15,12,13,12,0,0,-162,-139,-157,53,61,64,70,72,10,80,81,76,74,56,22,22,22,22,22,22,22,37,37,118,15,15,15,15,15,15,22,37,37,37,37,37,37,37,37,37,37,37]} 1. Nf3 d5 2. g3 c5 3. Bg2 Nf6 4. O-O g6 (4... Nc6 5. d3 e5 6. e4 d4 7. a4 Be7 8. Na3 Be6 9. Ng5 Bg4 10. f3 Bc8 11. f4 Ng4 12. Nf3 exf4 13. gxf4 f5 14. e5 O-O 15. h3 Nh6 16. Nc4 Be6 {0-1 (40) Ding,L (2791)-Anand,V (2760) Stavanger 2018}) 5. d4 cxd4 6. Nxd4 {A08: King's Indian Attack.} Bg7 7. Nb3 Nc6 8. Nc3 {[%cal Rc3d5] The position is equal.} e6 9. a4 O-O 10. a5 {[#]} h6 $146 ({Predecessor:} 10... Re8 11. Re1 Rb8 12. Bf4 e5 13. Bg5 d4 14. Ne4 Bf5 15. a6 b6 16. Nxf6+ Bxf6 17. Bxc6 Bxg5 18. Bxe8 Qxe8 {0-1 (37) Artemiev,V (2731)-Anand,V (2757) Bucharest 2019}) 11. Be3 Re8 12. Qc1 Kh7 13. Rd1 Nd7 14. Bf4 a6 15. h4 ({White should try} 15. Be3 $14) 15... e5 16. Bd2 d4 17. Nd5 Nf6 18. Nb6 Rb8 19. Nc5 Nd7 20. Bxc6 bxc6 21. Nbxd7 Bxd7 22. Nxa6 Ra8 23. Nc5 Bh3 24. e4 Bf8 25. b4 $36 {[%mdl 2048] White has good play.} f5 26. f3 Bxc5 27. bxc5 $2 (27. Kh2 $1 $11 {and White stays safe.} fxe4 28. Kxh3) 27... fxe4 $1 $19 28. fxe4 {[#]} Rf8 $2 (28... g5 $1 $17 29. hxg5 Rf8) 29. Bxh6 $14 Rf3 30. Qg5 {And now Rd3 would win.} Qd7 31. a6 Qg4 (31... Bg4 $11 32. Rd3 (32. Qxe5 Kxh6 33. Rdb1 Rff8 $16) 32... Rf7) 32. Qxg4 $16 Bxg4 33. Bg5 {Black must now prevent Rdb1.} Rxg3+ 34. Kh2 (34. Kf2 $5 {[%cal Rf2g3]} Rc3 35. Rdb1 Rf8+ 36. Ke1 $16) 34... Rh3+ $1 35. Kg2 {Hoping for Rdb1.} Bxd1 36. Kxh3 Bxc2 $11 {[%mdl 4096] Endgame KRB-KRB} 37. Bf6 Ra7 38. Bxe5 {Bb8 is the strong threat.} Bd3 {[#]} (38... d3 $1 $14 39. Bb8 Rxa6 40. Rxa6 d2) 39. Bxd4 ({White should play} 39. Ra4 $1 $16) 39... Rxa6 40. Rxa6 Bxa6 $16 {KB-KB} 41. Kg4 Bd3 42. Kf4 Kg8 43. Ke5 {White is slightly better.} Kf7 44. Bf2 Bc2 45. Be3 Bd3 46. Bg5 Bc2 47. Bf4 Bb1 {Accuracy: White = 83%, Black = 76%.} 1/2-1/2

[Event "Chess24 Legends of Chess"]
[Site "Online"]
[Date "2020.07.18"]
[Round "8.2"]
[White "Svidler, Peter"]
[Black "Kramnik, Vladimir"]
[Result "1/2-1/2"]
[WhiteElo "2742"]
[BlackElo "2756"]
[Annotator "TA"]
[PlyCount "89"]
[EventDate "2020.07.21"]
[EventType "tourn"]
[SourceTitle "playchess.com"]
[Source "ChessBase"]
[SourceQuality "1"]

{[%evp 14,89,34,29,18,28,22,22,22,20,30,26,24,24,35,10,10,13,10,6,11,9,11,7,7,7,8,1,7,6,16,0,11,11,11,11,11,11,11,11,33,38,36,19,18,10,10,12,8,0,12,4,15,0,0,0,4,0,45,62,66,9,10,9,6,0,0,0,0,0,0,0,0,0,0,0,0,0]} 1. Nf3 d5 2. g3 g6 3. Bg2 Bg7 4. d4 Nf6 5. O-O O-O 6. c4 dxc4 7. Na3 c5 8. dxc5 c3 {D77: Fianchetto Grünfeld: 6 0-0: Replies other than 6...c6.} 9. Nb5 Na6 {[%cal Bb8a6,Ba6c5,Bc5e4][%mdl 32]} 10. Nxc3 Nxc5 11. Be3 {[#] Strongly threatening Qxd8.} Nfe4 12. Nxe4 Nxe4 13. Bd4 Bf5 14. Bxg7 Qxd1 15. Rfxd1 Kxg7 16. Nd4 {[#] Threatens to win with g4!} Nd6 $1 17. Nxf5+ gxf5 18. Rac1 {[#]} Rfc8 $146 ({Predecessor:} 18... Rac8 19. Kf1 b6 20. Ke1 Kf6 21. e3 h6 22. Bf1 Rxc1 23. Rxc1 Rc8 24. Rxc8 Nxc8 {½-½ (42) Malakhov,V (2691)-Matlakov,M (2704) Sochi 2018}) 19. e3 Kf6 20. Kf1 a5 21. Ke2 a4 22. a3 (22. h3 {keeps more tension.} Rab8 23. g4 b5 24. f4 b4 25. Bd5) 22... Rxc1 (22... Rab8 {is more complex.} 23. h4 h6 24. Bf3 Nc4 25. Rc2 b5) 23. Rxc1 $11 {[%mdl 4096] Endgame KRB-KRN} Ra5 24. Rc2 Rb5 25. Kd2 Ne4+ 26. Kc1 Nc5 27. Bf1 Ra5 28. Kd1 Ne4 29. Ke1 Nd6 30. Rc7 Rd5 31. Bc4 Re5 (31... Nxc4 {keeps more tension.} 32. Rxc4 Rb5 33. Rxa4 Rxb2 34. Rh4 Kg6) 32. Bd3 h6 33. Ke2 Rd5 34. Bc4 Ra5 35. Bd3 Ra8 36. Rc5 Rd8 37. Rd5 (37. h3 $14) 37... Rc8 {The position is equal.} 38. Rd4 b5 39. Rh4 Kg7 40. g4 fxg4 41. Rxg4+ Kf6 42. Rf4+ Kg7 43. Rg4+ Kf6 44. Rf4+ Kg7 45. Rg4+ {Accuracy: White = 94%, Black = 97%.} 1/2-1/2

[Event "Chess24 Legends of Chess"]
[Site "Online"]
[Date "2020.07.18"]
[Round "8.2"]
[White "Gelfand, Boris"]
[Black "Leko, Peter"]
[Result "1-0"]
[WhiteElo "2702"]
[BlackElo "2710"]
[Annotator "TA"]
[PlyCount "123"]
[EventDate "2020.07.21"]
[EventType "tourn"]
[SourceTitle "playchess.com"]
[Source "ChessBase"]
[SourceQuality "1"]

{[%evp 12,123,15,16,15,15,9,0,7,10,11,12,22,0,0,-14,18,17,18,16,22,10,10,10,12,13,11,14,6,3,10,23,6,12,10,0,54,50,60,52,54,48,52,52,47,47,58,58,60,59,73,66,102,116,109,116,97,97,87,85,86,83,118,116,143,125,190,178,315,285,382,388,934,475,1341,1187,1093,941,1283,1242,1309,1210,1132,984,1022,452,29955,10484,29970,29971,29972,29973,29972,29974,29974,29975,29975,29975,29976,29977,29977,29978,29978,29979,29980,29981,29981,29982,29982,29983,29983,29983,29988,29989]} 1. d4 Nf6 2. c4 e6 3. Nf3 d5 4. Nc3 Bb4 5. Qa4+ Nc6 6. e3 O-O 7. Bd2 {7.Qc2 injects fresh life into this line. Played by Magnus Carlsen in July 2020.} dxc4 {D38: Queen's Gambit Declined: Ragozin Defence (4 Nf3 Bb4).} 8. Bxc4 Bd6 9. Qc2 e5 {The position is equal.} 10. dxe5 Nxe5 11. Nxe5 Bxe5 12. O-O {[#]} b6 $146 ({Predecessor:} 12... c6 13. f4 Bc7 14. Bd3 Re8 15. Rae1 Bb6 16. Na4 Bc7 17. e4 Ng4 18. Bc1 b5 {0-1 (25) Souleidis,G (2401)-Cornette,M (2586) chess.com INT 2017}) 13. f4 Bxc3 14. Bxc3 ({Of course not} 14. bxc3 Bf5 $1 $17 {[%mdl 512]}) 14... Bb7 15. Bd3 Re8 16. Rae1 Be4 17. Bxe4 Nxe4 18. Be5 Nd6 19. e4 Qe7 20. Rd1 f6 (20... Nb7 {is interesting.} 21. Rfe1 Qc5+ 22. Qf2 Rad8 23. Bd4 Qh5) 21. Bxd6 $1 cxd6 22. Rd4 Rac8 23. Qd3 Rc6 ({Black should play} 23... Qc7 $11) 24. h3 $14 h6 25. Kh2 Kh8 26. Rd1 Qc7 27. Rd2 Re6 28. a3 Qe7 29. Rc2 Rc5 30. b4 Rxc2 31. Qxc2 {[%mdl 4096] Endgame KQR-KQR} b5 {White now steadily converts the win.} 32. Qc6 Qe8 {[#]} 33. Qxe8+ $1 Rxe8 $16 {KR-KR} 34. Kg3 ({But not} 34. Rxd6 $6 Rxe4 35. f5 h5 $11) 34... Kh7 35. Rxd6 Rxe4 {Black wants to play ...Re3+.} 36. Kf3 Re7 37. Rd5 Rb7 38. Ke4 Rb6 {[#]} (38... Re7+ $16 {was worth a try.} 39. Kd4 Re2) 39. Kd4 $1 $18 Ra6 (39... Kg6 $142 40. f5+ Kh7) 40. Rxb5 Rxa3 41. Ra5 Rg3 $2 (41... Rb3 42. Kc4 (42. Rxa7 Rxb4+ 43. Ke3 Kg6 $11) 42... Rb2 43. Rxa7 Rxg2) 42. Rxa7 Rxg2 (42... Rb3 $142 43. Kc4 Rb2) 43. b5 Rb2 44. Kc5 Rc2+ 45. Kd5 Rd2+ 46. Kc6 Rc2+ 47. Kb7 Rc4 48. f5 (48. Ra5 $142 Rc3 49. b6 Rxh3 50. Kc6 Rc3+ 51. Rc5) 48... Rc5 (48... h5 $18 49. Ra3 Kh6) 49. b6 Rxf5 50. Kc6 {White mates.} Rf3 51. Ra5 Rc3+ 52. Rc5 Re3 53. b7 Re8 54. Kd7 Rb8 55. Kc7 Rf8 56. b8=Q Rxb8 57. Kxb8 {KR-K3P} g5 58. Kc7 Kg6 59. Kd6 f5 60. Ke5 f4 61. Ke4 Kh5 62. Rc6 {Accuracy: White = 96%, Black = 60%.} 1-0

[Event "Chess24 Legends of Chess"]
[Site "Online"]
[Date "2020.07.18"]
[Round "8.2"]
[White "Ivanchuk, Vasyl"]
[Black "Giri, Anish"]
[Result "0-1"]
[WhiteElo "2686"]
[BlackElo "2731"]
[Annotator "TA"]
[PlyCount "84"]
[EventDate "2020.07.21"]
[EventType "tourn"]
[SourceTitle "playchess.com"]
[Source "ChessBase"]
[SourceQuality "1"]

{[%evp 9,83,10,10,8,2,0,8,3,12,-2,0,-7,0,-6,0,-24,0,-18,0,0,0,0,0,0,0,0,0,0,0,-7,0,0,0,0,0,0,0,0,0,0,0,-9,-5,-5,0,-5,-7,-4,-4,-4,-5,-15,-12,-12,-8,-8,-8,-20,-20,-27,0,0,0,-16,-21,-204,-189,-573,-565,-552,-541,-29997,-29998,-29998,-29999,-29999]} 1. e4 e5 2. Nf3 Nc6 3. Bb5 Nf6 4. d3 Bc5 5. Nbd2 Nd4 6. Ba4 {C65: Ruy Lopez: Berlin Defence (3...Nf6), unusual lines and 4 0-0 Bc5.} O-O {[#]} 7. c3 $146 ({Predecessor:} 7. O-O Nxf3+ 8. Nxf3 d5 9. exd5 Qxd5 10. Bb3 Qd6 11. Qe2 {½-½ (11) Freeman,M (2296)-Barkov,K (2370) ICCF email 2018}) 7... Nxf3+ 8. Nxf3 {The position is equal.} d5 9. Qe2 dxe4 10. dxe4 Qe7 11. O-O Rd8 12. Bb3 Bg4 13. Be3 Nxe4 14. Bxc5 Nxc5 15. Qxe5 Re8 16. Rfe1 Qxe5 17. Nxe5 Be6 18. Bxe6 Rxe6 19. Nc4 Rd8 20. Red1 Rde8 21. Kf1 g6 22. Rd2 Kg7 23. Rad1 h5 24. Ne3 Ne4 25. Rd3 Rb6 26. Nc4 Rc6 27. Ne3 Ra6 (27... Rf6 $5 28. f3 $8 Nc5 $11) 28. a3 Rf6 29. f3 Nc5 30. Rd5 Na4 31. Nc4 Rc6 $36 {[%mdl 2048] Black has some pressure.} 32. R1d4 Rce6 {Threatens to win with ...Re1+.} 33. Rd2 a6 34. Kf2 R8e7 35. h4 b6 {[%cal Bb7b6,Bb6b5][%mdl 32]} 36. g3 Nc5 37. Rd8 $2 {[#] White does not recover from this.} (37. Rc2 $11) 37... Nb3 $1 $19 {Hoping for ...b5.} 38. Rc2 $2 (38. Rd1) 38... b5 39. Nd2 Re2+ 40. Kf1 Re1+ {Black mates.} 41. Kg2 R7e2+ 42. Kh3 Rh1# {Accuracy: White = 77%, Black = 97%.} 0-1

[Event "Chess24 Legends of Chess"]
[Site "Online"]
[Date "2020.07.18"]
[Round "8.3"]
[White "Nepomniachtchi, Ian"]
[Black "Carlsen, Magnus"]
[Result "1/2-1/2"]
[WhiteElo "2778"]
[BlackElo "2881"]
[Annotator "TA"]
[PlyCount "92"]
[EventDate "2020.07.21"]
[EventType "tourn"]
[SourceTitle "playchess.com"]
[Source "ChessBase"]
[SourceQuality "1"]

{[%evp 12,92,36,10,13,13,13,0,8,0,0,-31,-29,-52,-37,-57,-56,-57,-46,-49,-27,-28,-26,-34,-10,-22,-22,-31,-37,-17,-22,-74,-51,-64,0,0,0,0,0,0,0,0,0,0,0,-168,-156,-142,-143,-135,-135,-135,-135,-174,-100,-101,-81,-81,-81,-81,-16,-16,-15,-15,-13,-13,0,-13,0,0,0,0,0,0,0,0,0,0,0,0,0,0,0]} 1. c4 Nf6 2. g3 e6 3. Nf3 d5 4. d4 Bb4+ 5. Bd2 a5 6. Bg2 dxc4 7. O-O O-O {E04: Open Catalan: 5 Nf3.} 8. Qc2 {is now debated instead of 8.Bg5.} Bxd2 9. Nbxd2 b5 $1 10. a4 c6 11. e4 Na6 12. b3 Nb4 13. Qc3 cxb3 14. Qxb3 Ba6 15. Rfc1 {[#]} bxa4 $146 ({Predecessor:} 15... Qb6 16. Qb1 e5 17. Nb3 exd4 18. Nbxd4 h6 19. e5 Nfd5 20. Qe4 bxa4 21. Nxc6 Rac8 {0-1 (53) Dogan,A (2176)-Yaver,F (2077) Antalya 2017}) 16. Rxa4 Bb5 17. Ra3 e5 18. dxe5 Nd3 19. Rc3 Nxe5 $1 20. Nxe5 Qxd2 21. Nf3 (21. Qb1 $1 $11) 21... Qd7 22. Ne5 Qd4 ({Black should try} 22... Qb7 $15) 23. Nxc6 $11 Bxc6 24. Rxc6 Rab8 25. Qc4 Rb1+ $40 {[%mdl 128] Black attacks.} 26. Bf1 Qd1 {White must now prevent ...Nxe4!} 27. Kg2 {[#]} Nxe4 $1 {[%mdl 512]} 28. Qd3 $2 (28. Rc8 $11 {and White is okay.}) (28. Qxe4 Qxf1+) 28... Nd2 $19 ({Don't do} 28... Qe1 29. Ra2 $17) 29. Rd6 Qxf1+ 30. Qxf1 Nxf1 ({But not} 30... Rxf1 $6 31. Rxd2 Rc1 32. Rxa5 $11) 31. Rxa5 Re1 32. h4 {[#]} h6 (32... h5 $1 $19 {Strongly threatening ...Rc8.} 33. Rxh5 Rb8) 33. Rd7 $17 Rb8 {...Rb2 is the strong threat.} 34. Raa7 Nxg3 35. Kxg3 {[%mdl 4096] Endgame KRR-KRR} Rb3+ ({Better is} 35... Rg1+ $17 36. Kh2 Rbb1) 36. f3 $11 {The position is equal.} Rg1+ 37. Kf2 Rg6 {Threatens to win with ...Rf6.} 38. Rxf7 Rb5 39. Rf4 Kh7 40. Rg4 Rxg4 41. fxg4 {KR-KR} Rb2+ 42. Kg3 Rb3+ 43. Kf4 Rb4+ 44. Kg3 Rb3+ 45. Kf4 Rb4+ 46. Kg3 Rb3+ {White happily takes the draw. Accuracy: White = 84%, Black = 90%.} 1/2-1/2

[Event "Chess24 Legends of Chess"]
[Site "Online"]
[Date "2020.07.18"]
[Round "8.3"]
[White "Kramnik, Vladimir"]
[Black "Svidler, Peter"]
[Result "1/2-1/2"]
[WhiteElo "2756"]
[BlackElo "2742"]
[Annotator "TA"]
[PlyCount "229"]
[EventDate "2020.07.21"]
[EventType "tourn"]
[SourceTitle "playchess.com"]
[Source "ChessBase"]
[SourceQuality "1"]

{[%evp 16,229,4,5,33,29,47,-25,-22,-12,0,-19,0,0,54,33,36,50,31,12,20,25,225,225,214,222,212,224,217,219,220,230,248,279,421,405,418,418,386,152,156,136,133,86,84,75,125,127,180,185,187,177,180,184,187,180,169,159,244,250,273,235,261,256,249,204,297,104,104,104,108,97,144,108,166,150,150,134,214,212,241,237,366,81,610,133,141,126,199,81,94,102,129,85,112,51,141,132,186,177,235,12,12,12,15,8,8,8,8,8,8,8,8,8,8,8,8,8,8,8,8,8,8,8,8,8,8,8,8,8,8,8,8,8,8,8,8,8,8,8,8,8,8,8,8,8,8,8,8,8,8,8,8,8,8,8,8,8,8,8,8,8,8,8,8,8,8,8,8,8,8,8,8,8,8,8,8,8,8,8,8,8,8,8,8,8,8,8,8,8,8,8,8,8,8,8,8,8,8,0,8,0,8,0,8,8,8,8,8,8,8,8,8,8,8,8]} 1. e4 c5 2. Nf3 d6 3. d4 cxd4 4. Nxd4 Nf6 5. Nc3 a6 6. Bc4 e6 7. Bb3 Nbd7 8. Be3 Nc5 9. f3 h5 {B86: Sicilian Scheveningen/Najdorf: 6 Bc4, without early ...b5.} 10. Qd2 {[#]} b5 $146 ({Predecessor:} 10... Be7 11. O-O-O Qc7 12. Qf2 b5 13. Kb1 Bb7 14. Rc1 Nfd7 15. Qg3 Bf6 16. Rhd1 Ne5 17. Ndxb5 axb5 18. Nxb5 {1-0 (40) Kersic,M (2109)-Kabadayi,S (1514) Sarajevo 2018}) 11. O-O-O (11. a3 $14) 11... Bd7 $11 {Black has an edge.} 12. Kb1 Qc7 13. a3 Qb7 14. Rhe1 $36 {[%mdl 2048] White has some pressure.} Be7 (14... Rc8 $11) 15. Bg5 $14 b4 16. axb4 Qxb4 17. e5 dxe5 18. Rxe5 O-O $2 (18... Kf8 $11) 19. Nd5 $1 $18 {[%cal Rd5e7][%mdl 64] Pin} Nxb3 20. Qxb4 (20. Nxb4 Nxd2+ 21. Bxd2 Rfc8 $11) 20... Bxb4 21. Nxf6+ (21. Nxb4 $6 Nxd4 22. Rxd4 a5 $16) 21... gxf6 22. Bxf6 Kh7 {Strongly threatening ...Nd2+.} 23. Nxb3 Bc6 24. Rd4 (24. Rxh5+ Kg6) 24... Rfb8 (24... Rab8 {was worth a try.} 25. g4 Rg8 26. Rxh5+ Kg6) 25. Rf4 Kh6 {intending ...Bd6.} 26. Rg5 {Threatening mate with Rh4!} Be1 27. h4 $2 (27. g4 $18 {and White stays clearly on top.} Rb4 28. Rxh5+ Kg6 29. Rg5+ Kh6 30. Rh5+ Kg6 31. Rg5+ Kh6 32. Rxb4 Bxb4 33. Nd4) 27... Rg8 $16 28. Nd4 Bd5 29. Rxg8 Rxg8 30. Bg5+ $1 {[%mdl 64] Discovered Attack} Kg6 31. Ne2 $1 Bd2 {[#]} (31... Ba8 $16 32. b3 Bf2) 32. Rf6+ $1 $18 {[%mdl 64] Discovered Attack} Kg7 33. Rh6 $1 Bxg5 34. hxg5 {[%mdl 4096] Endgame KRB-KRN} e5 35. Ng3 Kf8 36. Rxh5 ({Stronger than} 36. Nxh5 Rxg5 37. Rd6 Bc4 $11) 36... Ke7 (36... f6 $16 37. Kc1 fxg5) 37. b3 a5 38. Nf5+ Kd7 39. Ne3 Be6 40. g3 Rb8 (40... f6 $142 41. gxf6 Rxg3) 41. Rh4 $2 (41. Kc1 $18) 41... Bxb3 $16 42. Kc1 Be6 43. Ra4 Rb5 44. Kd2 Rc5 (44... Kc6 $16 45. f4 exf4 46. gxf4 Rb4 47. Rxb4 (47. Rxa5 Rxf4 48. Kd3 Kd6 $14) 47... axb4) 45. c4 $18 Ke7 46. Kc3 Bd7 (46... f6 $16 {might work better.}) 47. Ra1 a4 48. Nd5+ Kd6 (48... Kf8 $142 49. Nf6 Be6 50. Rxa4 Kg7) 49. Nb6 $2 (49. Nf6 $18 {has better winning chances.} Bc6 50. Kb4 Bxf3 51. Ne8+ (51. Rxa4 Rc8 $14) 51... Kc6 52. Rxa4) 49... Bc6 $2 {[%mdl 8192] [#]} (49... Be6 $16) 50. Nxa4 $2 (50. Nc8+ $1 $18 {and the rest is easy.} Kd7 51. Kb4 Rxc4+ 52. Kxc4 Kxc8 53. f4) 50... Ra5 $16 51. Kb4 Ra7 (51... Ra8 $16) 52. Rd1+ (52. f4 $18 {is the precise move to win.}) 52... Ke7 53. Nb6 {aiming for Nc8+.} Rb7 54. Kc5 Bxf3 55. Rf1 (55. Nc8+ $16 Ke8 56. Nd6+ Ke7 57. Rd3 (57. Nxb7 Bxd1 58. Kb4 Bf3 $14) 57... Rc7+ 58. Kb5) 55... Rc7+ (55... e4 $1 $14) 56. Kb4 Bc6 (56... Bb7 $16 57. c5 e4) 57. Rf6 Bg2 (57... e4 {was necessary.}) 58. Kc3 $2 ({Better is} 58. Kb5 $18) 58... Rc6 $11 {The position is equal.} 59. Rxc6 Bxc6 {KB-KN} 60. c5 Ke6 61. Kd3 Kf5 62. Nc4 e4+ 63. Kd4 Kxg5 64. Ne5 (64. Na5 $5 {[%cal Ra5c6]} Ba8 65. Nc4 $11) 64... Ba4 65. Nxf7+ Kg4 66. Kxe4 Kxg3 67. Ne5 Be8 68. Kd5 Kf4 69. Nc4 Bf7+ 70. Kd4 {Threatens to win with c6.} Be8 71. Nb6 Bc6 72. Nd5+ Kf3 73. Ke5 Ke2 74. Kd6 (74. Ne7 {keeps more tension.} Bb5 75. Ke4 Bd7 76. Ng6 Kd2 77. Ne5) 74... Be8 75. Nc7 Ba4 76. Kd5 Kd3 77. Ne6 Kc3 78. Nd4 Kb4 79. Nc6+ Kc3 80. Ne5 Kb4 81. Kd6 Bb5 82. Nf3 Ba4 83. Nd2 Kc3 84. Ne4+ Kb4 85. Nf6 Kc4 86. Nd5 {White threatens Nb6+ and mate.} Be8 87. Nb6+ Kb5 88. Nc8 Ka6 89. Kd5 $1 Bd7 90. Nd6 Ka7 91. Ne4 (91. c6 {is interesting.} Bh3 92. c7 Kb6 93. c8=Q Bxc8 94. Ke5) 91... Kb7 92. Kd6 Bc6 93. Nc3 Bh1 94. Na2 (94. c6+ $5 Bxc6 95. Ke7 $11) 94... Bg2 95. Nb4 Bh1 96. Kd7 Bg2 97. Nc2 Bh1 98. Nd4 Bg2 99. Kd6 Bh1 100. Nb3 Bg2 101. Na5+ Ka6 102. Nc6 Kb7 103. Nd8+ Kc8 104. Ne6 Kb7 105. Ng5 Bh1 106. Nf7 Bg2 107. Nd8+ Kc8 108. Nc6 Kb7 109. Na5+ Ka6 110. Nc4 Kb7 111. Ne3 Bh1 112. Nf5 (112. c6+ $5 Bxc6 113. Ng4 $11) 112... Bg2 113. c6+ Bxc6 114. Nd4 Ka8 115. Nxc6 {Black defended with fortune. Accuracy: White = 80%, Black = 72%.} 1/2-1/2

[Event "Chess24 Legends of Chess"]
[Site "Online"]
[Date "2020.07.18"]
[Round "8.3"]
[White "Anand, Viswanathan"]
[Black "Ding, Liren"]
[Result "0-1"]
[WhiteElo "2751"]
[BlackElo "2836"]
[Annotator "TA"]
[PlyCount "80"]
[EventDate "2020.07.21"]
[EventType "tourn"]
[SourceTitle "playchess.com"]
[Source "ChessBase"]
[SourceQuality "1"]

{[%evp 13,80,20,33,5,8,0,0,-24,-22,-26,-28,-29,-25,-40,-43,-47,-47,-55,0,-28,-41,-66,13,0,0,0,0,0,0,0,0,0,0,-39,-44,-98,-77,-217,-136,-154,-99,-117,-146,-293,-303,-514,-491,-495,-500,-489,-498,-492,-497,-485,-488,-460,-460,-1034,-1031,-1981,-1041,-1027,-1026,-1016,-970,-929,-929,-880,-870]} 1. e4 c5 2. Nf3 d6 3. d4 cxd4 4. Nxd4 Nf6 5. Nc3 a6 6. Be3 e5 7. Nb3 Be6 8. h3 {B90: Sicilian Najdorf: Unusual White 6th moves, 6 Be3 Ng4 and 6 Be3 e5.} Be7 9. Qf3 O-O 10. O-O-O {The position is equal.} b5 11. g4 b4 12. Nd5 a5 13. Nd2 Nxd5 14. exd5 Bc8 15. Bd3 Ba6 {[#]} 16. Bf5 $146 ({Predecessor:} 16. Ne4 a4 17. Kb1 Nd7 18. Bxa6 Rxa6 19. Rd3 Qb8 20. h4 Qb5 21. Rhd1 Raa8 22. Bg5 {½-½ (33) Lafarga Santorroman,D (2643)-Nickel,A (2643) ICCF email 2012}) 16... a4 17. h4 b3 (17... Nd7 $15) 18. axb3 axb3 19. Nxb3 Nd7 20. g5 Nb6 21. Na5 {Strongly threatening Nc6.} Be2 22. Qxe2 Rxa5 23. b4 Ra3 {White must now prevent ...Qc7!} 24. Rh3 (24. Qb5 $15 Qc7 25. Kd2 (25. Bxb6 $2 Qc3 $19)) 24... Na4 $17 {aiming for ...Qc7!} 25. Kd2 (25. Qg4 $17) 25... Nc3 ({Not} 25... Qc7 26. Ke1 $15) 26. Qc4 Nxd1 (26... g6 $142 27. Bg4 Nxd1 28. Kxd1 Ra1+ 29. Ke2 Qa8) 27. Kxd1 g6 $36 {[%mdl 2048] Black is on the roll.} 28. Bg4 (28. Bd3 $17) 28... h5 $19 29. Bc1 $2 (29. gxh6 f5 30. Bc1 Rxh3 31. Bxh3) 29... Ra1 {Black is clearly winning.} 30. Be2 {[#]} Bxg5 $1 {[%mdl 512]} 31. hxg5 Qxg5 {[%csl Gg5][%cal Ra1c1]} 32. Re3 Qg1+ 33. Bf1 Qxf2 34. Qe2 Qf4 35. b5 (35. Qf3 $142 Qxb4 36. Rb3 Qd4+ 37. Rd3 Rxc1+ {[%mdl 64] Clearance} 38. Kxc1 Qa1+ 39. Kd2) 35... Rfa8 36. Qf3 Qd4+ 37. Rd3 {[#]} Qb2 $1 38. Qe3 {[#]} Rxc1+ $1 {[%mdl 576] Clearance} 39. Qxc1 {[#]} Ra1 $1 {[%mdl 512]} 40. Qxa1 Qxa1+ {Accuracy: White = 54%, Black = 80%.} 0-1